000 00526nam a2200181Ia 4500
008 151018s9999 xx 000 0 und d
082 _bRBASDV8099
_a891.463
100 _aमुक्ता केणेकर
245 _aपताका
250 _b1
260 _bवोरा अड कंपनी
_c1973
300 _a122
600 _aमुक्ता केणेकर
630 _aपताका
700 _aमुक्ता केणेकर
730 _aपताका
942 _cBOOK
999 _c1010464
_d1010461